MARC

LEADER 00000nam0a2200000 4500
001 42146
005 20231101210730.0
010 |a 5821202809 
035 |a (RuTPU)RU\TPU\book\43332 
090 |a 42146 
100 |a 20020802d2002 m y0rusy50 ca 
101 0 |a rus 
102 |a RU 
105 |a a j 001zy 
200 1 |a Нормирование труда  |e учебник  |f В. Б. Бычин, С. В. Малинин  |g Российская экономическая академия им. Г. В. Плеханова; Под ред. Ю. Г. Одегова 
210 |a Москва  |c Экзамен  |d 2002 
215 |a 320 с.  |c ил. 
320 |a Глоссарий: с. 308-317. 
606 |a Нормирование труда  |2 stltpush  |3 (RuTPU)RU\TPU\subj\36516  |9 57866 
610 1 |a экономика 
610 1 |a труд 
610 1 |a рабочее время 
610 1 |a затраты 
610 1 |a нормы 
610 1 |a нормативы 
610 1 |a учебники 
686 |a У9(2)242.2я73  |v LBC/SL-A  |2 rubbk 
700 1 |a Бычин  |b В. Б.  |g Владимир Борисович 
701 1 |a Малинин  |b С. В.  |g Сергей Викторович 
702 1 |a Одегов  |b Ю. Г.  |4 340 
712 0 2 |a Российская экономическая академия им. Г. В. Плеханова  |2 stltpush  |3 (RuTPU)RU\TPU\col\18 
801 1 |a RU  |b 63413507  |c 20020802  |g PSBO 
801 2 |a RU  |b 63413507  |c 20180724  |g PSBO 
942 |c BK 
952 |a 521600  |b 030300